Concurrent simulation of mechanical and control system.

Guardado en:
Detalles Bibliográficos
Autor principal: Gahér, Michal, 1991- (Autor)
Otros Autores: Palčák, František, 1947- (Orientador)
Formato: Manuscrito Libro
Lenguaje:inglés
Publicado: Bratislava : STU v Bratislave SjF, 2013
Materias:
Acceso en línea:VAIS
Etiquetas: Agregar Etiqueta
Sin Etiquetas, Sea el primero en etiquetar este registro!

MARC

LEADER 00000ntm a22000003a 4500
001 stu287336
005 20150617230255.4
008 140326s2013----xo------------------eng-d
040 |a STU  |b slo 
041 0 |a eng 
044 |a xo 
100 1 |a Gahér, Michal,  |d 1991-  |4 aut  |u J  |T SjF Strojnícka fakulta  |X 8166  |U J  |Y 20  |7 A000008166 
242 0 0 |a Súbežná simulácia mechanickej a riadiacej sústavy   |y slo 
245 1 |a Concurrent simulation of mechanical and control system. 
260 |a Bratislava :  |b STU v Bratislave SjF,  |c 2013 
650 7 |a Applied Mechanics and Mechatronics  |2 estusub 
650 7 |a mechatronika  |2 stusub 
700 1 |a Palčák, František,  |d 1947-  |4 ths  |u J0010  |U SjF Strojnícka fakulta  |T SjF Ústav aplikovanej mechaniky a mechatroniky  |X 2461  |U J0010  |Y 801  |7 A000002461 
856 4 |a info a plný text  |u http://is.stuba.sk/zp/portal_zp.pl?podrobnosti=82323  |3 VAIS